000 00963nam a2200289 i 4500
005 20221006144104.0
008 221006s2022 my o j 000 0 may d
020 _a9789672370550 (set)
020 _a9789672370529
_cRM 36.50
_qpaperback
040 _aPPAK
_beng
_cPPAK
_erda
082 0 4 _223
_a361.109595
090 0 0 _a361.109595
_bMUH
_dK
100 0 _aMuhamad Al Hafis,
_eauthor.
245 1 0 _aHENTIKAN BUDAYA LGBT /
_cMuhamad Al Hafis
264 1 _aKuala Lumpur :
_bSEMARAK MURNI ENTERPRISE,
_c[2022]
300 _a48 pages :
_bcolour photographs ;
_c29 cm.
336 _2rdacontent
_atext
336 _2rdacontent
_astill images
337 _2rdamedia
_aunmediated
338 _2rdacarrier
_avolume
490 1 _aJANGAN TERJEBAK DALAM FENOMENA INI!
500 _aIncludes question and exercise.
650 1 0 _aSocial problems
_zMalaysia
650 2 0 _aSexual minorities
_zMalaysia
830 0 _aJangan terjebak dalam fenomena ini!
942 _2ddc
_cB
999 _c189362
_d189362